| Tag |
First Indicator |
Second Indicator |
Subfields |
| LEADER |
00000cam a2200000Ii 4500 |
| 001 |
in00004124549 |
| 007 |
ta |
| 008 |
190615s2019 xnab e 000 1 eng d |
| 005 |
20250318215234.9 |
| 020 |
|
|
|a 9781760875169
|
| 020 |
|
|
|a 1760875163
|q (paperback)
|
| 035 |
|
|
|a (OCoLC)on1104655218
|
| 035 |
|
|
|a (OCoLC)1104655218
|
| 040 |
|
|
|a YDX
|b eng
|e rda
|c YDX
|d ATWFP
|d NZLEP
|d ATCDL
|d NZAUC
|d OCLCF
|d AUPTL
|d STF
|d UtOrBLW
|
| 043 |
|
|
|a u-at-tm
|
| 050 |
|
4 |
|a PR9619.3.R619
|b B78 2019
|
| 082 |
0 |
4 |
|a A823.4
|2 23
|
| 100 |
1 |
|
|a Rose, Heather,
|d 1964-
|e author.
|0 http://id.loc.gov/authorities/names/n99264733
|
| 245 |
1 |
0 |
|a Bruny /
|c Heather Rose.
|
| 264 |
|
1 |
|a Sydney, N.S.W. :
|b Allen & Unwin,
|c 2019.
|
| 300 |
|
|
|a 409 pages :
|b maps ;
|c 24 cm.
|
| 336 |
|
|
|a text
|b txt
|2 rdacontent
|
| 336 |
|
|
|a cartographic image
|b cri
|2 rdacontent
|
| 337 |
|
|
|a unmediated
|b n
|2 rdamedia
|
| 338 |
|
|
|a volume
|b nc
|2 rdacarrier
|
| 520 |
|
|
|a "How far would your government go? A right-wing US president has withdrawn America from the Middle East and the UN. Daesh has a thoroughfare to the sea and China is Australia's newest ally. When a bomb goes off in remote Tasmania, Astrid Coleman agrees to return home to help her brother before an upcoming election. But this is no simple task. Her brother and sister are on either side of politics, the community is full of conspiracy theories, and her father is quoting Shakespeare. Only on Bruny does the world seem sane. Until Astrid discovers how far the government is willing to go."--Publisher description.
|
| 650 |
|
0 |
|a Terrorism
|v Fiction.
|0 http://id.loc.gov/authorities/subjects/sh2008112708
|
| 650 |
|
0 |
|a Politicians
|v Fiction.
|0 http://id.loc.gov/authorities/subjects/sh2008109442
|
| 650 |
|
0 |
|a Conspiracies
|v Fiction.
|0 http://id.loc.gov/authorities/subjects/sh2008100472
|
| 650 |
|
0 |
|a Brothers and sisters
|v Fiction.
|0 http://id.loc.gov/authorities/subjects/sh2007101817
|
| 651 |
|
0 |
|a Tasmania
|v Fiction.
|
| 650 |
|
7 |
|a Australian fiction.
|2 fast
|0 (OCoLC)fst00821424
|
| 650 |
|
7 |
|a Brothers and sisters.
|2 fast
|0 (OCoLC)fst00839671
|
| 650 |
|
7 |
|a Politicians.
|2 fast
|0 (OCoLC)fst01069915
|
| 650 |
|
7 |
|a Terrorism.
|2 fast
|0 (OCoLC)fst01148101
|
| 651 |
|
7 |
|a Tasmania.
|2 fast
|0 (OCoLC)fst01206536
|
| 655 |
|
7 |
|a Fiction.
|2 fast
|0 (OCoLC)fst01423787
|
| 655 |
|
7 |
|a Thrillers (Fiction)
|2 lcgft
|0 http://id.loc.gov/authorities/genreForms/gf2014026571
|
| 655 |
|
7 |
|a Political fiction.
|2 lcgft
|0 http://id.loc.gov/authorities/genreForms/gf2014026482
|
| 655 |
|
7 |
|a Australian fiction
|y 21st century.
|2 local
|
| 852 |
8 |
|
|b pda,print
|z This title is available for the library to purchase for your use. Click the "Purchase It For Me" button to place a request. This item may take 5-10 business days to arrive.
|
| 955 |
|
|
|a Print PDA title
|
| 961 |
|
|
|m 565730
|
| 999 |
f |
f |
|s 6a095c0b-7676-4de3-9fd1-ec6d61eea9b0
|i c0556286-b8f2-3931-8e46-5c10f03f59d8
|t 0
|
| 952 |
f |
f |
|a Texas A&M University
|b College Station
|c Sterling C. Evans Library
|d Purchase on Demand
|t 0
|e PR9619.3.R619 B78 2019
|h Library of Congress classification
|
| 998 |
f |
f |
|a PR9619.3.R619 B78 2019
|t 0
|l Purchase on Demand
|